[Event "End of Summertime Master Norm "]
[Site "SchemingMind.com"]
[Date "2007.11.09"]
[Round "-"]
[White "badbishop"]
[Black "Konan_Kaddosh"]
[Result "0-1"]
[WhiteCountry "POL"]
[BlackCountry "ITA"]
[WhiteElo "2236"]
[WhiteRD "69"]
[BlackElo "2467"]
[BlackRD "58"]
[GameID "128121"]

1. e4 c5 2. Nf3 Nc6 3. Bb5 e6 4. Bxc6 bxc6 5. d3 Ne7 6. Qe2 Ng6 7. h4 h5 8. e5 d6 9. exd6 Bxd6 10. Nc3 Rb8
11. Ne4 Be7 12. O-O e5 13. b3 Bg4 14. Qe3 Bxf3 15. Qxf3 Nxh4 16. Qg3 Ng6 17. Be3 O-O 18. Nxc5 Nf4 19. Rfe1 h4 20. Qg4 Rb5
21. Na4 Ne6 22. Bxa7 Rb4 23. Qh5 c5 24. Rxe5 Rxa4 25. bxa4 Qc7 26. Bxc5 g6 27. Qe2 Bxc5 28. Re1 Qa7 29. Qd2 h3 30. gxh3 Bd4
31. R5e4 Qc7 32. Kf1 Bc3 33. Qh6 Qh2 34. Rd1 Re8 35. Qe3 Qh1+ 36. Ke2 Qg2 37. Rf1 Kh7 38. Re1 Nd4+ 39. Kd1 Rb8 40. Kc1 Nf3
41. Rg4 Qh2
0-1

[Event "End of Summertime Master Norm "]
[Site "SchemingMind.com"]
[Date "2007.11.09"]
[Round "-"]
[White "Konan_Kaddosh"]
[Black "badbishop"]
[Result "1/2-1/2"]
[WhiteCountry "ITA"]
[BlackCountry "POL"]
[WhiteElo "2480"]
[WhiteRD "58"]
[BlackElo "2246"]
[BlackRD "70"]
[GameID "128122"]

1. e4 c5 2. Nf3 d6 3. d4 cxd4 4. Nxd4 Nf6 5. Nc3 Nc6 6. Bc4 Qb6 7. Nb3 e6 8. O-O Be7 9. Be3 Qc7 10. f4 a6
11. Bd3 b5 12. Qf3 Bb7 13. a3 O-O 14. Rf2 b4 15. axb4 Nxb4 16. Na5 d5 17. Nxb7 Qxb7 18. exd5 Nxd3 19. cxd3 Nxd5 20. Nxd5 Qxd5
21. Qxd5 exd5 22. Ra5 Rfb8 23. Rxd5 Bf6 24. Bd4 Bxd4 25. Rxd4 Rd8 26. Rxd8+ Rxd8 27. Rd2 f5 28. Kf2 Kf7 29. Ke3 Rb8 30. Kd4 Ke6
31. Kc5 Rc8+ 32. Kb6 Kd5 33. Kxa6 Kd4 34. b4 Kc3 35. Kb7 Rd8 36. Re2 Kxb4 37. Re7 Rxd3 38. Rxg7 Rd2 39. Kc6 Rf2 40. Kd5 Rxf4
41. Rxh7 Rg4 42. g3 f4 43. gxf4 Rxf4 44. h4 Kb5 45. h5 Kb6 46. h6 Rf6 47. Rh8 Kb7 48. Rh7+ Kb6 49. Rh8=
1/2-1/2

[Event "End of Summertime Master Norm "]
[Site "SchemingMind.com"]
[Date "2007.11.10"]
[Round "-"]
[White "fjpv"]
[Black "Konan_Kaddosh"]
[Result "0-1"]
[WhiteCountry "POR"]
[BlackCountry "ITA"]
[WhiteElo "2309"]
[WhiteRD "84"]
[BlackElo "2480"]
[BlackRD "58"]
[GameID "128316"]

1. e4 c5 2. d4 cxd4 3. c3 Nf6 4. e5 Nd5 5. Nf3 Nc6 6. cxd4 d6 7. Bc4 Nb6 8. Bb5 dxe5 9. Nxe5 Bd7 10. Nxd7 Qxd7
11. Nc3 e6 12. O-O Be7 13. Qg4 O-O 14. Bxc6 bxc6 15. Bh6 Bf6 16. Rfd1 Nd5 17. Ne4 Qe7 18. Rac1 Rab8 19. b3 Rb6 20. Rd3 Re8
21. h4 Kh8 22. Bf4 Nxf4 23. Qxf4 Bxd4 24. Nd6 e5 25. Qxf7 Qxf7 26. Nxf7+ Kg8 27. Ng5 a5 28. Nf3 c5 29. Nxd4 cxd4 30. Rc7 Rd6
31. Rc5 e4 32. Rd1 a4 33. bxa4 d3 34. a5 Kf7 35. g4 Ke6 36. Kg2 Rf8 37. Re1 Rd4 38. Rg5 Rf7 39. Rb1 Rd5 40. Rb6+ Rd6
41. Rb1 Rc6 42. Rb4 Rf4 43. Rb2 Kd6 44. Rbb5 g6 45. Rgd5+ Kc7 46. g5 Rc2 47. Rbc5+ Rxc5 48. Rxc5+ Kd6 49. Rc8 Rf7 50. Rd8+ Kc5
51. a6 Ra7 52. f3 Rxa6 53. fxe4 Rxa2+ 54. Kf3 Kc4 55. Rd7 Ra1 56. Kf2 Rh1 57. e5 Rh2+ 58. Kf3 Re2 59. h5 gxh5 60. Rxh7 Rxe5
61. g6 d2 62. Rd7 Kc3 63. g7 Re8 64. Rd6 h4 65. Rc6+ Kb3 66. Rd6 Kc2 67. Rc6+ Kd1 68. Re6 Rg8 69. Rg6 h3 70. Kf2 h2
71. Kg2 Kc2 72. Kxh2 d1=Q
0-1

[Event "End of Summertime Master Norm "]
[Site "SchemingMind.com"]
[Date "2007.11.10"]
[Round "-"]
[White "fjpv"]
[Black "badbishop"]
[Result "1-0"]
[WhiteCountry "POR"]
[BlackCountry "POL"]
[WhiteElo "2309"]
[WhiteRD "84"]
[BlackElo "2246"]
[BlackRD "70"]
[GameID "128317"]

1. e4 c5 2. d4 cxd4 3. c3 dxc3 4. Nxc3 Nc6 5. Nf3 e6 6. Bc4 Qc7 7. O-O Nf6 8. Nb5 Qb8 9. e5 Ng4 10. Bf4 a6
11. Nd6+ Bxd6 12. exd6 b5 13. Nd4 Nge5 14. Nxc6 Nxc6 15. Be2 Bb7 16. a4 b4 17. Rc1 Qd8 18. Qd2 Qf6 19. Rc4 O-O 20. Rfc1 Rac8
21. Be3 Qg6 22. Rg4 Qf5 23. Bh6 g6 24. Bxf8 Rxf8 25. h3 Qe5 26. Bf3 a5 27. Rgc4 Rb8 28. Bxc6 Bxc6 29. Rc5 Bd5 30. Rxa5 Qxd6
31. Ra7 Rd8 32. Rb7 Rb8 33. Rcc7 Rxb7 34. Rxb7 Qc6 35. Rxb4 Bxg2 36. Qd4
1-0

[Event "End of Summertime Master Norm "]
[Site "SchemingMind.com"]
[Date "2007.11.11"]
[Round "-"]
[White "Konan_Kaddosh"]
[Black "fjpv"]
[Result "1/2-1/2"]
[WhiteCountry "ITA"]
[BlackCountry "POR"]
[WhiteElo "2480"]
[WhiteRD "58"]
[BlackElo "2309"]
[BlackRD "84"]
[GameID "128318"]

1. e4 e5 2. Nf3 d6 3. d4 exd4 4. Nxd4 Nf6 5. Nc3 Be7 6. Bf4 O-O 7. Be2 Re8 8. Qd2 Nc6 9. O-O Nxd4 10. Qxd4 Nd7
11. Nd5 Nc5 12. Be3 Bh4 13. f3 c6 14. Nf4 Bf6 15. Qd2 Ne6 16. Nxe6 Bxe6 17. c4 Qe7 18. Bd4 Rad8 19. Rad1 h5 20. Qc3 Bxd4+
21. Rxd4 f5 22. Rfd1 Bf7 23. b3 c5 24. R4d3 fxe4 25. fxe4 Qxe4 26. Bf3 Qe7 27. Qd2 h4 28. h3 Kh7 29. Rxd6 Rxd6 30. Qxd6 Qe3+
31. Kh2= b6 32. Qd3+ Qxd3 33. Rxd3 Re7 34. Kg1 Bg6 35. Rd2 Bb1 36. Kf2 g5 37. Be2 Kg6 38. Bd3+ Bxd3 39. Rxd3 Rf7+ 40. Ke2= Re7+
41. Kf2 Rf7+=
1/2-1/2

[Event "End of Summertime Master Norm "]
[Site "SchemingMind.com"]
[Date "2007.11.11"]
[Round "-"]
[White "badbishop"]
[Black "fjpv"]
[Result "1-0"]
[WhiteCountry "POL"]
[BlackCountry "POR"]
[WhiteElo "2264"]
[WhiteRD "71"]
[BlackElo "2287"]
[BlackRD "85"]
[GameID "128319"]

1. e4 e5 2. Nf3 d6 3. d4 exd4 4. Nxd4 Nf6 5. Nc3 Be7 6. Bc4 O-O 7. O-O Nc6 8. Re1 Nxd4 9. Qxd4 c6 10. Bg5 h6
11. Bh4 g5 12. Bg3 Nh5 13. Rad1 Nxg3 14. hxg3 b5 15. Bf1 Qb6 16. Qd3 Bg4 17. Be2 Be6 18. Bh5 Bf6 19. b3 Be5 20. Ne2 a5
21. Nd4 a4 22. Nf5 axb3 23. axb3 Kh7 24. Qf3 Qc5 25. Re2 Ra2 26. Bg4 Bxf5 27. exf5 Kg7 28. Qe4 Rfa8 29. Bh5 b4 30. Kh2 f6
31. f4 d5 32. Qf3 Bc3 33. Be8 Ra1 34. Rxa1 Rxa1 35. Re3 d4 36. Re4 Qxf5 37. Qe2 Re1 38. Qh5 Qh7 39. Qf7+ Kh8 40. Qxf6+ Qg7
41. Qxc6 Rxe4 42. Qxe4 d3 43. cxd3 Qf6 44. Kh3 Qd4 45. Kg4 gxf4 46. Qxd4+ Bxd4 47. gxf4 Kg7 48. Kf5 Kf8 49. Bc6 Kf7 50. g4 Bb6
51. Bd5+ Kg7 52. g5 Bd4 53. Bf3 hxg5 54. fxg5 Ba1 55. g6 Bb2 56. Be4 Kf8 57. Ke6 Ke8 58. Kd5 Bg7 59. Kc5 Bf8+ 60. Kb5 Kd7
61. d4 Bg7 62. Kxb4 Bxd4 63. Kb5 Ke6 64. b4 Kd7 65. Ka6 Kc7 66. b5 Kb8 67. b6 Bb2 68. Kb5 Kc8 69. Kc6 Bg7 70. Kd6 Bf8+
71. Ke6 Bg7 72. Kf7 Bh6 73. g7 Bxg7 74. Kxg7
1-0

[Event "End of Summertime Master Norm "]
[Site "SchemingMind.com"]
[Date "2007.11.16"]
[Round "-"]
[White "Lazaro"]
[Black "fjpv"]
[Result "0-1"]
[WhiteCountry "CUB"]
[BlackCountry "POR"]
[WhiteElo "1856"]
[WhiteRD "56"]
[BlackElo "2289"]
[BlackRD "92"]
[GameID "129071"]

1. e4 e5 2. Nf3 d6 3. d4 exd4 4. Nxd4 g6 5. Nc3 Bg7 6. Be3 Nf6 7. Bc4 Ng4 8. Bf4 Nc6 9. Nxc6 bxc6 10. O-O O-O
11. Qd2 Rb8 12. Rab1 Ne5
0-1

[Event "End of Summertime Master Norm "]
[Site "SchemingMind.com"]
[Date "2007.11.16"]
[Round "-"]
[White "Lazaro"]
[Black "Konan_Kaddosh"]
[Result "0-1"]
[WhiteCountry "CUB"]
[BlackCountry "ITA"]
[WhiteElo "1595"]
[WhiteRD "46"]
[BlackElo "2480"]
[BlackRD "58"]
[GameID "129072"]

1. e4 c5 2. Nf3 Nc6 3. d4 cxd4 4. Nxd4 e5 5. Nb5 d6 6. N1c3 a6 7. Na3 b5 8. Nd5 Nf6 9. Be3 Rb8 10. Nxf6+ Qxf6
11. Be2 Be7 12. c3 Be6 13. Nc2 O-O 14. O-O Rfd8
0-1

[Event "End of Summertime Master Norm "]
[Site "SchemingMind.com"]
[Date "2007.11.16"]
[Round "-"]
[White "fjpv"]
[Black "Lazaro"]
[Result "1-0"]
[WhiteCountry "POR"]
[BlackCountry "CUB"]
[WhiteElo "2309"]
[WhiteRD "84"]
[BlackElo "1595"]
[BlackRD "46"]
[GameID "129074"]

1. e4 c6 2. d4 d5 3. e5 Bf5 4. Nc3 e6 5. Be2 c5 6. Nf3 Nc6 7. O-O cxd4 8. Nb5 Bc5 9. Nfxd4 Bxd4 10. Nxd4 Nge7
11. Nxc6 Nxc6 12. Bf4 Qc7 13. Qd2 O-O 14. Rfe1
1-0

[Event "End of Summertime Master Norm "]
[Site "SchemingMind.com"]
[Date "2007.11.16"]
[Round "-"]
[White "Konan_Kaddosh"]
[Black "Lazaro"]
[Result "1-0"]
[WhiteCountry "ITA"]
[BlackCountry "CUB"]
[WhiteElo "2480"]
[WhiteRD "58"]
[BlackElo "1595"]
[BlackRD "46"]
[GameID "129075"]

1. e4 g6 2. d4 Bg7 3. Nc3 d6 4. Nf3 c6 5. Bc4 Nf6 6. Bb3 O-O 7. O-O b5 8. e5 Ne8 9. h3 dxe5 10. dxe5 Nc7
11. Qe2 a5 12. Rd1 Qe8 13. a3 a4 14. Ba2 Be6 15. Qe4
1-0

[Event "End of Summertime Master Norm "]
[Site "SchemingMind.com"]
[Date "2007.11.17"]
[Round "-"]
[White "Nightlamp"]
[Black "fjpv"]
[Result "0-1"]
[WhiteCountry "BEL"]
[BlackCountry "POR"]
[WhiteElo "1905"]
[WhiteRD "80"]
[BlackElo "2289"]
[BlackRD "92"]
[GameID "129358"]

1. d4 d5 2. c4 dxc4 3. e4 e5 4. Nf3 exd4 5. Bxc4 Nc6 6. O-O Be6 7. Bxe6 fxe6 8. Qb3 Qd7 9. Qxb7 Rb8 10. Qa6 Nf6
11. Qe2 Bc5 12. Qc4 Nxe4 13. Nbd2 Rb4 14. Qd3 Nxd2 15. Nxd2 Qd5 16. Nb3 Bb6 17. Bd2 Rc4
0-1

[Event "End of Summertime Master Norm "]
[Site "SchemingMind.com"]
[Date "2007.11.18"]
[Round "-"]
[White "Nightlamp"]
[Black "Lazaro"]
[Result "0-1"]
[WhiteCountry "BEL"]
[BlackCountry "CUB"]
[WhiteElo "1843"]
[WhiteRD "82"]
[BlackElo "1595"]
[BlackRD "46"]
[GameID "129359"]

1. d4 Nf6 2. c4 e6 3. Nc3 Bb4 4. Qc2 O-O 5. a3 Be7 6. e4 d6 7. f4 Nfd7 8. e5 c5 9. exd6 Bxd6 10. Nf3 Nc6
0-1

[Event "End of Summertime Master Norm "]
[Site "SchemingMind.com"]
[Date "2007.11.17"]
[Round "-"]
[White "Nightlamp"]
[Black "Konan_Kaddosh"]
[Result "0-1"]
[WhiteCountry "BEL"]
[BlackCountry "ITA"]
[WhiteElo "2062"]
[WhiteRD "83"]
[BlackElo "2444"]
[BlackRD "56"]
[GameID "129360"]

1. d4 Nf6 2. c4 e6 3. Nc3 Bb4 4. Qc2 Nc6 5. Nf3 d6 6. Bd2 O-O 7. e4 e5 8. d5 Nd4 9. Nxd4 exd4 10. Nb1 Bc5
11. Bd3 a5 12. O-O Ng4 13. h3 Ne5 14. f4 Nxd3 15. Qxd3 f5 16. e5 b5 17. Na3 bxc4 18. Nxc4 dxe5 19. fxe5 Qxd5 20. Rac1 Bb7
21. Rf2 Qe4 22. Qxe4 fxe4 23. Rxf8+ Bxf8 24. Nxa5 Bd5 25. Rxc7 e3 26. Be1 d3 27. Rd7 d2 28. Bxd2 Be6
0-1

[Event "End of Summertime Master Norm "]
[Site "SchemingMind.com"]
[Date "2007.11.16"]
[Round "-"]
[White "Nightlamp"]
[Black "badbishop"]
[Result "0-1"]
[WhiteCountry "BEL"]
[BlackCountry "POL"]
[WhiteElo "1905"]
[WhiteRD "80"]
[BlackElo "2236"]
[BlackRD "69"]
[GameID "129361"]

1. d4 Nf6 2. c4 g6 3. Nc3 Bg7 4. e4 O-O 5. Nf3 d6 6. Be2 Nbd7 7. O-O e5 8. Re1 c6 9. Be3 Ng4 10. Bg5 f6
11. Bd2 f5 12. Bg5 Qb6 13. Na4 Qc7 14. exf5 Rxf5 15. h3 Nxf2 16. Kxf2 e4 17. Be3 exf3 18. Bxf3 Nb6 19. Nxb6 Qxb6
0-1

[Event "End of Summertime Master Norm "]
[Site "SchemingMind.com"]
[Date "2007.11.17"]
[Round "-"]
[White "fjpv"]
[Black "Nightlamp"]
[Result "1-0"]
[WhiteCountry "POR"]
[BlackCountry "BEL"]
[WhiteElo "2289"]
[WhiteRD "92"]
[BlackElo "1905"]
[BlackRD "80"]
[GameID "129362"]

1. e4 e5 2. Nf3 d6 3. d4 exd4 4. Nxd4 Nf6 5. Nc3 Be7 6. Be2 O-O 7. Bf4 c6 8. Qd2 b5 9. a3 a6 10. Bf3 Bb7
11. Nf5 d5 12. O-O Bc5 13. exd5 cxd5 14. b4 Bb6 15. Bg5 d4 16. Bxb7
1-0

[Event "End of Summertime Master Norm "]
[Site "SchemingMind.com"]
[Date "2007.11.17"]
[Round "-"]
[White "Konan_Kaddosh"]
[Black "Nightlamp"]
[Result "1-0"]
[WhiteCountry "ITA"]
[BlackCountry "BEL"]
[WhiteElo "2444"]
[WhiteRD "56"]
[BlackElo "2062"]
[BlackRD "83"]
[GameID "129364"]

1. e4 e5 2. Nf3 d6 3. d4 exd4 4. Nxd4 Nf6 5. Nc3 Be7 6. Bf4 O-O 7. Be2 Re8 8. Qd2 c6 9. O-O-O b5 10. Bf3 Bb7
11. Nf5 b4 12. Bxd6 bxc3 13. Qg5 cxb2+ 14. Kb1
1-0

[Event "End of Summertime Master Norm "]
[Site "SchemingMind.com"]
[Date "2007.11.16"]
[Round "-"]
[White "badbishop"]
[Black "Nightlamp"]
[Result "1-0"]
[WhiteCountry "POL"]
[BlackCountry "BEL"]
[WhiteElo "2236"]
[WhiteRD "69"]
[BlackElo "1905"]
[BlackRD "80"]
[GameID "129365"]

1. e4 e5 2. Nf3 d6 3. d4 exd4 4. Nxd4 Nf6 5. Nc3 Be7 6. Bc4 O-O 7. O-O Nxe4 8. Nxe4 d5 9. Bd3 dxe4 10. Bxe4 Bf6
11. c3 c5 12. Qh5 g6 13. Qxc5 Na6 14. Qc4 Re8 15. Bf3 Qb6 16. Be3 Qxb2 17. Rab1 Qa3 18. Bxb7 Bxb7 19. Rxb7 Rf8 20. Nb5
1-0

[Event "End of Summertime Master Norm "]
[Site "SchemingMind.com"]
[Date "2007.11.22"]
[Round "-"]
[White "Mekk"]
[Black "fjpv"]
[Result "0-1"]
[WhiteCountry "POL"]
[BlackCountry "POR"]
[WhiteElo "1974"]
[WhiteRD "67"]
[BlackElo "2309"]
[BlackRD "84"]
[GameID "129497"]

1. e4 e5 2. Nf3 d6 3. d4 exd4 4. Nxd4 Nf6 5. Nc3 g6 6. Be2 Bg7 7. Bg5 O-O 8. Qd2 Re8 9. O-O Nc6 10. Nxc6 bxc6
11. Rad1 Qe7 12. f4 Nxe4 13. Nxe4 Qxe4 14. Bf3 Qa4 15. b3 Qa3 16. Kh1 Bd7 17. c4 h6 18. Bh4 a5 19. g4 a4 20. f5 axb3
21. axb3 Qxb3 22. fxg6 fxg6 23. c5 Rf8 24. Bg2 Ra2 25. Rxf8+ Bxf8 26. Qe1 Bxg4 27. cxd6 Bxd1 28. d7 Bf3 29. d8=Q Bxg2+ 30. Kg1 Bd5
31. Bf2 Qf3 32. Qxf8+ Kxf8 33. Bc5+ Kg8 34. Qe8+ Kh7
0-1

[Event "End of Summertime Master Norm "]
[Site "SchemingMind.com"]
[Date "2007.11.22"]
[Round "-"]
[White "Mekk"]
[Black "Lazaro"]
[Result "1-0"]
[WhiteCountry "POL"]
[BlackCountry "CUB"]
[WhiteElo "1969"]
[WhiteRD "70"]
[BlackElo "1507"]
[BlackRD "47"]
[GameID "129498"]

1. e4 d5 2. exd5 Qxd5 3. Nc3 Qd6 4. d4 Nf6 5. Nf3 a6 6. h3 Nc6 7. Be3 Bf5 8. Bd3 Bxd3 9. Qxd3 Nb4 10. Qe2 e6
11. a3 Nbd5 12. Nxd5 Qxd5 13. O-O b5 14. c4 Qxc4 15. Qxc4 bxc4 16. Ne5 Bd6 17. Nxc4 Ke7 18. b4 Nd5 19. Rac1 Nb6 20. Nxd6 Kxd6
21. Bf4+
1-0

[Event "End of Summertime Master Norm "]
[Site "SchemingMind.com"]
[Date "2007.11.21"]
[Round "-"]
[White "Mekk"]
[Black "Konan_Kaddosh"]
[Result "0-1"]
[WhiteCountry "POL"]
[BlackCountry "ITA"]
[WhiteElo "1959"]
[WhiteRD "70"]
[BlackElo "2467"]
[BlackRD "58"]
[GameID "129499"]

1. d4 Nf6 2. Nf3 e6 3. g3 c5 4. c4 cxd4 5. Nxd4 Qb6 6. Bg2 Nc6 7. Nb5 Ne5 8. N1c3 a6 9. Qa4 Neg4 10. O-O Rb8
11. Na3 Bc5 12. e3 h5 13. Nc2 Qc7 14. b4 Be7 15. Qb3 h4 16. Nd4 hxg3 17. hxg3 b6 18. e4 Bb7 19. Nde2 Qe5 20. Nf4 Nxe4
21. Nxe4 Bxe4 22. Bxe4 Qxe4 23. f3 Qh7
0-1

[Event "End of Summertime Master Norm "]
[Site "SchemingMind.com"]
[Date "2007.11.22"]
[Round "-"]
[White "Mekk"]
[Black "Nightlamp"]
[Result "1-0"]
[WhiteCountry "POL"]
[BlackCountry "BEL"]
[WhiteElo "1959"]
[WhiteRD "70"]
[BlackElo "1905"]
[BlackRD "80"]
[GameID "129500"]

1. e4 c5 2. Nf3 e6 3. d4 cxd4 4. Nxd4 Nc6 5. c4 Nf6 6. Nc3 Bb4 7. Nxc6 bxc6 8. Qc2 e5 9. Bd3 O-O 10. O-O Bc5
11. Kh1 d6 12. Bg5 h6 13. Bh4 Be6 14. Rab1
1-0

[Event "End of Summertime Master Norm "]
[Site "SchemingMind.com"]
[Date "2007.11.21"]
[Round "-"]
[White "Mekk"]
[Black "badbishop"]
[Result "0-1"]
[WhiteCountry "POL"]
[BlackCountry "POL"]
[WhiteElo "1984"]
[WhiteRD "71"]
[BlackElo "2270"]
[BlackRD "73"]
[GameID "129501"]

1. e4 c5 2. Nf3 d6 3. d4 cxd4 4. Nxd4 Nf6 5. Nc3 Nc6 6. Bg5 Bd7 7. Qd2 Rc8 8. Be2 Nxd4 9. Qxd4 Qa5 10. Bd2 a6
11. O-O Qc5 12. Qd3 e6 13. a3 Be7 14. Be3 Qa5 15. f4 O-O 16. Bd2 Qc5+ 17. Kh1 Rfd8 18. Qg3 Bc6 19. Be3 Qa5 20. e5 Nd5
21. Bd2 Qb6 22. Nxd5 Bxd5 23. Bc3 dxe5 24. Bxe5 f6 25. Bc3 Be4 26. Rac1 Rc6 27. Bf3 Rc4 28. Bxe4 Rxe4 29. Rfe1 Qc6 30. Re3 Kf7
31. Rce1 Rxe3 32. Qxe3 Rd5 33. h3 Bc5 34. Qe4 g6 35. g4 h5 36. gxh5 Rxh5 37. Qxc6 bxc6 38. Kg2 Bd6 39. Re4 Rh4 40. Ra4 Rxf4
41. Rxa6 Rc4 42. Ra7+ Be7 43. a4 e5 44. a5 Ke6 45. a6 Ra4 46. Kf3 e4+ 47. Ke2 f5 48. b3 Ra2 49. Kd1 f4 50. Bd4 c5
51. Rxe7+ Kxe7 52. Bxc5+ Kd7 53. a7 Kc6 54. b4 Kb5 55. h4 Kc4 56. Ke1 e3 57. Kd1 Kd5 58. Bb6 Ke4 59. b5 Ra1+ 60. Ke2 f3#
0-1

[Event "End of Summertime Master Norm "]
[Site "SchemingMind.com"]
[Date "2007.11.20"]
[Round "-"]
[White "fjpv"]
[Black "Mekk"]
[Result "1-0"]
[WhiteCountry "POR"]
[BlackCountry "POL"]
[WhiteElo "2309"]
[WhiteRD "84"]
[BlackElo "1974"]
[BlackRD "67"]
[GameID "129502"]

1. e4 c5 2. d4 cxd4 3. c3 d3 4. Bxd3 Nc6 5. Nf3 d6 6. Na3 Nf6 7. O-O g6 8. Bc4 Bg7 9. e5 Ng4 10. exd6 Qxd6
11. Qxd6 exd6 12. Nb5 O-O 13. Nxd6 Nge5 14. Nxe5 Nxe5 15. Bb3 Nd3 16. Rd1 Nxc1 17. Raxc1 Bh6 18. Rb1 b6 19. Nxc8 Raxc8 20. Rd7 a5
21. Rb7 Rc6 22. Rd1 Rf6 23. g3 Bg7 24. a4 h5 25. h4 Bh6 26. f4 Bxf4 27. gxf4 Rxf4 28. Rd4 Rf6 29. Rd2 Rf4 30. Rf2 Rg4+
31. Rg2 Rxh4 32. Rxg6+ Kh7 33. Rg2 Rd8 34. Rxb6 Rf4 35. Bc2+ f5 36. Rb5 h4 37. Bxf5+ Kh8 38. Bd3
1-0

[Event "End of Summertime Master Norm "]
[Site "SchemingMind.com"]
[Date "2007.11.20"]
[Round "-"]
[White "Lazaro"]
[Black "Mekk"]
[Result "0-1"]
[WhiteCountry "CUB"]
[BlackCountry "POL"]
[WhiteElo "1507"]
[WhiteRD "47"]
[BlackElo "1969"]
[BlackRD "70"]
[GameID "129503"]

1. e4 e6 2. d4 d5 3. Nc3 Nf6 4. Bg5 dxe4 5. Nxe4 Be7 6. Bxf6 gxf6 7. Nf3 f5 8. Nc3 a6 9. Bd3 O-O 10. Qd2 Nc6
11. Ne2 Bf6 12. c3 Ne7 13. h4 Bd7 14. Rh3 Kh8 15. Ng5 Bc6 16. f3 b5 17. O-O-O a5 18. Qf4 Nd5 19. Qd2 Qe7 20. Kb1 Nb6
21. Qf4 a4 22. g4 Nd5
0-1

[Event "End of Summertime Master Norm "]
[Site "SchemingMind.com"]
[Date "2007.11.20"]
[Round "-"]
[White "Konan_Kaddosh"]
[Black "Mekk"]
[Result "1-0"]
[WhiteCountry "ITA"]
[BlackCountry "POL"]
[WhiteElo "2467"]
[WhiteRD "58"]
[BlackElo "1959"]
[BlackRD "70"]
[GameID "129504"]

1. e4 e6 2. d4 d5 3. Nc3 Nf6 4. Bg5 Be7 5. e5 Nfd7 6. h4 a6 7. Qg4 Bxg5 8. hxg5 c5 9. Nf3 cxd4 10. Qxd4 Nc6
11. Qe3 Qb6 12. Qxb6 Nxb6 13. Kd2 Nc4+ 14. Bxc4 dxc4 15. Rh4 b5 16. Ne4 Ke7 17. Rah1 Bb7 18. Nd6 Rad8 19. Rxh7 Rxh7 20. Rxh7 Nxe5
21. Nxe5 Rxd6+ 22. Kc1 Kf8 23. Rh8+ Ke7 24. Rg8 Bxg2 25. Rxg7 Rd5 26. Ng6+ Kd6 27. Nf4
1-0

[Event "End of Summertime Master Norm "]
[Site "SchemingMind.com"]
[Date "2007.11.20"]
[Round "-"]
[White "Nightlamp"]
[Black "Mekk"]
[Result "0-1"]
[WhiteCountry "BEL"]
[BlackCountry "POL"]
[WhiteElo "1905"]
[WhiteRD "80"]
[BlackElo "1959"]
[BlackRD "70"]
[GameID "129505"]

1. d4 Nf6 2. c4 g6 3. Nc3 Bg7 4. e4 d6 5. Nf3 O-O 6. Be2 c5 7. d5 a6 8. O-O e5 9. Ne1 Nh5 10. Bxh5 gxh5
11. Qxh5 f5 12. exf5 Bxf5 13. Bg5 Qd7 14. Rc1 Bg6 15. Qh4 Qf5
0-1

[Event "End of Summertime Master Norm "]
[Site "SchemingMind.com"]
[Date "2007.11.19"]
[Round "-"]
[White "badbishop"]
[Black "Mekk"]
[Result "1-0"]
[WhiteCountry "POL"]
[BlackCountry "POL"]
[WhiteElo "2264"]
[WhiteRD "71"]
[BlackElo "1969"]
[BlackRD "70"]
[GameID "129506"]

1. e4 e6 2. d4 d5 3. Nc3 Nf6 4. Bg5 Be7 5. e5 Nfd7 6. h4 a6 7. Qg4 Bxg5 8. hxg5 c5 9. g6 f5 10. Qf4 h6
11. Nf3 Nc6 12. dxc5 Ne7 13. Ng5 Nxg6 14. Nxe6 Nxf4 15. Nxd8 Kxd8 16. O-O-O Ke7 17. g3 Ne6 18. Nxd5+ Kf7 19. Bh3 g6 20. f4 Ndxc5
21. Nb6 Rb8 22. Bg2 Rd8 23. Rxd8 Nxd8 24. Rxh6 Kg7 25. Rh1 Be6 26. Rd1 Nf7 27. Rd4 Rd8 28. Rxd8 Nxd8 29. Kd2 Kf7 30. Ke3 Nd7
31. Nc8 b5 32. a3 Nb8 33. Nd6+ Ke7 34. Kd4 Ndc6+ 35. Kc5 Kd7 36. Kb6 Nd4 37. c3 Ne2 38. Kb7 Nxg3 39. Kxb8 Ne2 40. Bb7 Nxf4
41. Bxa6 g5 42. Bxb5+ Ke7 43. a4 g4 44. a5 g3 45. Bf1 Ng6 46. a6 Nxe5 47. Bg2 Kxd6 48. a7 Nd7+ 49. Kb7 Nc5+ 50. Kb6
1-0